| 000 | 00397nam a2200109Ia 4500 | ||
|---|---|---|---|
| 008 | 160909s9999 xx 000 0 und d | ||
| 100 | _aRodriguez, Eric | ||
| 245 | _aStudent loan debt implications for Hispanic students who have graduated from college | ||
| 260 |
_bPepperdine University _c2016 |
||
| 650 | _aFINANCIAL MANAGEMENT | ||
| 856 | _uhttp://pqdtopen.proquest.com/doc/1802529559.html?FMT=ABS | ||
| 999 |
_c304583 _d304583 |
||